Pokemon Generation4 Quiz Stats

 Plays Quiz not verified by Sporcle

Challenge
Share
Tweet
Embed
Score 0/104 Timer 13:00
0 Plays Today
% Correct
Turtwig
90.4%
Grotle
75%
Torterra
73.1%
Piplup
67.3%
Empoleon
63.5%
Prinplup
59.6%
Dialga
50%
Palkia
50%
Starly
46.2%
Staravia
46.2%
Darkrai
46.2%
Staraptor
44.2%
Shaymin
44.2%
Arceus
44.2%
Giratina
42.3%
Magmortar
40.4%
Leafeon
40.4%
Glaceon
40.4%
Manaphy
40.4%
Azelf
38.5%
Phione
38.5%
Bidoof
36.5%
Buizel
36.5%
Floatzel
36.5%
Munchlax
36.5%
Uxie
36.5%
Mesprit
36.5%
Heatran
36.5%
Bibarel
34.6%
Burmy
34.6%
Combee
34.6%
Gible
34.6%
Gabite
34.6%
Garchomp
34.6%
Electivire
34.6%
% Correct
Regigigas
34.6%
Shinx
32.7%
Luxio
32.7%
Luxray
32.7%
Rampardos
32.7%
Bastiodon
32.7%
Wormadam
32.7%
Vespiquen
32.7%
Shellos
32.7%
Honchkrow
32.7%
Weavile
32.7%
Cresselia
32.7%
Kricketot
30.8%
Kricketune
30.8%
Roserade
30.8%
Cranidos
30.8%
Mothim
30.8%
Drifloon
30.8%
Drifblim
30.8%
Buneary
30.8%
Mime.Jr
30.8%
Croagunk
30.8%
Togekiss
30.8%
Porygon-Z
30.8%
Rotom
30.8%
Budew
28.8%
Shieldon
28.8%
Pachirisu
28.8%
Gastrodon
28.8%
Mismagius
28.8%
Glameow
28.8%
Purugly
28.8%
Stunky
28.8%
Bronzor
28.8%
Bronzong
28.8%
% Correct
Lucario
28.8%
Hippowdon
28.8%
Skorupi
28.8%
Toxicroak
28.8%
Gliscor
28.8%
Gallade
28.8%
Probopass
28.8%
Froslass
28.8%
Cherubi
26.9%
Lopunny
26.9%
Spiritomb
26.9%
Riolu
26.9%
Hippopotas
26.9%
Drapion
26.9%
Snover
26.9%
Abomasnow
26.9%
Magnezone
26.9%
Rhyperior
26.9%
Tangrowth
26.9%
Yanmega
26.9%
Mamoswine
26.9%
Dusknoir
26.9%
Cherrim
25%
Skuntank
25%
Bonsly
25%
Happiny
25%
Chatot
25%
Ambipom
23.1%
Lickilicky
23.1%
Chingling
21.2%
Finneon
21.2%
Lumineon
21.2%
Carnivine
19.2%
Mantyke
15.4%

You're not logged in!

Compare scores with friends on all Sporcle quizzes.
Join for Free
OR
Log In

You Might Also Like...

Show Comments

Extras

Created Nov 15, 2009ReportNominate
Tags:Pokémon Quiz, Gen 4

Top Quizzes Today


Score Distribution

Your Account Isn't Verified!

In order to create a playlist on Sporcle, you need to verify the email address you used during registration. Go to your Sporcle Settings to finish the process.

Report this User

Report this user for behavior that violates our Community Guidelines.

Details: